| 000 | 00000cam 2200000zi 4500 |
| 001 | 9.961482 |
| 003 | CaOODSP |
| 005 | 20260508112711 |
| 006 | m o d f |
| 007 | cr mn||||||||| |
| 008 | 260330s2026 onc ob f000 0 fre d |
| 020 | |a9780660993102 |
| 040 | |aCaOODSP|bfre|erda|cCaOODSP |
| 043 | |an-cn--- |
| 086 | 1 |aPS84-259/2026F-PDF |
| 086 | 1 |aPS82-4/25-31F-PDF |
| 100 | 1 |aStewart, Molly, |eauteur. |
| 245 | 10|aFavoriser la transition hors des unités d'intervention structurée vers la population carcérale régulière dans les cas complexes / |cpréparé par : Molly Stewart, Jessica Lundy et Laura McKendy. |
| 264 | 1|a[Ottawa] : |bService correctionnel du Canada = Correctional Service Canada, |c2026. |
| 300 | |a1 ressource en ligne (2 pages non numérotées). |
| 336 | |atexte|btxt|2rdacontent/fre |
| 337 | |ainformatique|bc|2rdamedia/fre |
| 338 | |aressource en ligne|bcr|2rdacarrier/fre |
| 490 | 1 |aRecherche en bref ; |vRIB-25-31 |
| 500 | |aTitre de départ. |
| 500 | |aPublié aussi en anglais sous le titre : Supporting transition from Structured Intervention Units (SIUs) to mainstream populations in complex cases. |
| 504 | |aComprend des références bibliographiques. |
| 520 | |a« Les environnements sociaux favorisant la « préparation au changement », combinés à des interventions postérieures à un séjour dans une unité d'intervention structurée (UIS) pour gérer les échecs, peuvent faciliter une intégration durable en établissement dans les cas complexes des UIS » -- Faits saillants de la recherche, page [1]. |
| 650 | 6|aRéhabilitation|zCanada. |
| 650 | 6|aEmprisonnement cellulaire|zCanada|xGestion. |
| 650 | 6|aPrisons|xDiscipline|zCanada. |
| 710 | 2 |aService correctionnel Canada. |bDirection de la recherche, |eorganisme de publication. |
| 775 | 08|tSupporting transition from Structured Intervention Units (SIUs) to mainstream populations in complex cases / |w(CaOODSP)9.961481 |
| 830 | #0|aRecherche en bref (Service correctionnel Canada)|vRIB-25-31.|w(CaOODSP)9.805235 |
| 856 | 40|qPDF|s754 Ko|uhttps://publications.gc.ca/collections/collection_2026/scc-csc/PS84-259-2026-fra.pdf |
| 856 | 4 |qHTML|sS.O.|uhttps://www.canada.ca/fr/service-correctionnel/organisation/bibliotheque/recherche/bref/25-31.html |